| 000 | 00712nam a22001817a 4500 | ||
|---|---|---|---|
| 999 |
_c192622 _d192622 |
||
| 005 | 20220928120555.0 | ||
| 010 | _aENG-135233 | ||
| 020 |
_a9788180396862 _c995.00 |
||
| 035 | _aEN-118765 | ||
| 037 | _bDBAD/PUB | ||
| 082 | _a303.69 | ||
| 100 | _aPanchu, Sriram | ||
| 245 |
_aMediation practice and law: _bThe path to successful dispute resolution/ _c Sriram Panchu |
||
| 260 |
_aGurgaon _bLexis Nexis Butterworths Wadhwa _c2011 |
||
| 270 |
_bGurgaon _a14th Floor, Building no. 10, Tower-B, DLF Cyber City, Phase-II _mdeshvikaspublications@gmail.com _e122002 _k911244774444 _l911244774100 |
||
| 300 |
_axlvii,509p. _c22cm(HB) _bAppendices, Glossary, Bibliography |
||
| 942 |
_2ddc _cEN _mPAN _h303.69 |
||